LIBRARY & INFORMATION CENTRE, KCAET, TAVANUR

ONLINE PUBLIC ACCESS CATALOGUE (OPAC)

Kochuchakkarachi / (Record no. 12755)

MARC details
000 -LEADER
fixed length control field 00410cam a2200157ua 4500
041 ## - LANGUAGE CODE
Language code of text/sound track or separate title mal
082 ## - DEWEY DECIMAL CLASSIFICATION NUMBER
Classification number 894.8124
Item number UDA/KO
100 ## - MAIN ENTRY--AUTHOR NAME
Personal name Udhayabhanu, A P .
245 ## - TITLE STATEMENT
Title Kochuchakkarachi /
250 ## - EDITION STATEMENT
Edition statement 1 /
260 ## - PUBLICATION, DISTRIBUTION, ETC. (IMPRINT)
Place of publication Kottayam :
Name of publisher Sahitya Pravarthaka Co-operative Society ,
Year of publication 1968.
300 ## - PHYSICAL DESCRIPTION
Number of Pages 184 ; .
942 ## - ADDED ENTRY ELEMENTS (KOHA)
Koha item type Books
Holdings
Withdrawn status Lost status Damaged status Home library Current library Date acquired Full call number Accession Number Koha item type
      KAUAET KAUAET 07/04/2012 894.8124 12404 Books
free website counter